Rappeur francais de A à Z - Statistiques

Statistiques générales
  • Ce quiz a été pris 2 751 fois
  • Le résultat moyen est 11 sur 24
Statistiques - réponses
Hint Réponse % Correct
Bo Booba
93%
Ko Koba la D
90%
Ju Jul
84%
Ni Ninho
83%
Zo Zola
73%
We Werenoi
71%
Da Damso
64%
Or Orelsan
59%
Ga Gazo
58%
Va Vald
58%
Ha Hamza
52%
P PNL
47%
Al Alonzo
45%
Le Leto
41%
Ma Maes
36%
Ti Tiakola
35%
Fa Favé
30%
S SDM
25%
R RK
24%
U Uzi
23%
Ya Yamé
21%
Co Corleone
14%
I ISK
14%
Ep Epps
5%
Aucun quiz correspondant
Distribution des résultats
% des personnes avec chaque résultat
Percentile par nombre de réponses
Votre historique - résultats
Vous n’avez pas pris ce quiz